000
00213nam a22000857a 4500
008
170104b xxu||||| |||| 00| 0 eng d
100
_9
2248
_a
Gupt.G
245
_a
The World Around Me -4
260
_a
New Delhi
_b
G.R.B
_c
2012
999
_c
5135
_d
5135